| 000 | 00670cab a2200169 4500 | ||
|---|---|---|---|
| 001 | ##L133408 | ||
| 008 | 060505n2006 000 0 eng u | ||
| 035 | _a(Sirsi) u133408 | ||
| 041 | 0 | _aeng | |
| 245 | 0 | 0 | _aEuropean property fund management |
| 260 | _c2006 | ||
| 490 | 0 |
_aEuroProperty _vMay 2006 (16) (LOAN) |
|
| 520 | _aSeries of articles on property management in Europe, looking at market growth; open-ended funds; French OPCIs; funds offering diversified property exposure at a low cost; fund managers survey; fund closures, and fees. | ||
| 590 | _aIKA090506 | ||
| 690 | _aPROPERTY-PROPERTY FINANCE AND INVESTMENT-PROPERTY INVESTMENT MANAGEMENT | ||
| 942 | _n0 | ||
| 999 |
_c76987 _d76987 |
||